| 000 | 01007cam a2200277 a 4500 | ||
|---|---|---|---|
| 005 | 20031230185550.0 | ||
| 008 | 940308s1993 enkab b 001 0 eng | ||
| 010 | _aENG-101693 | ||
| 020 |
_c295.00 _a9788184000900 |
||
| 035 | _aEN-85226 | ||
| 037 | _bDBAD/PUB | ||
| 040 |
_adpl _bEng |
||
| 082 | _a954.6 | ||
| 100 | 1 |
_922405 _aPeer, Basharat |
|
| 245 | 1 | 0 |
_aCurfewed night / _cby Basharat Peer |
| 260 |
_aNoida _bRandom House India _c2009 |
||
| 270 |
_aMind Mill Corporate Tower, 2nd Floor, Plot No 24A Sector 16A, _bNoida _e201301 |
||
| 300 | 1 |
_a239p. _c20cm (pbk) |
|
| 650 | 0 | _922448 | |
| 651 |
_aGreat Britain _xColonies _922481 |
||
| 700 | _922431 | ||
| 856 | 4 | 2 | _uhttp://www.loc.gov/catdir/description/texas041/93060588.html |
| 856 | 4 | 1 | _uhttp://www.loc.gov/catdir/toc/texas041/93060588.html |
| 942 |
_2ddc _cEN _mPEE _h954.6 |
||
| 999 |
_c48303 _d48303 |
||